[Event "TORNEIO DE NATAL CLUBE MILITAR-RJ 2022"]
[Site "Av. Rio Branco 251/18º and -"]
[Date "2022.12.08"]
[Round "6.6"]
[White "Nogueira, Adnilton C de Almei"]
[Black "Rolim, Napoleao Gutierrez"]
[Result "1-0"]
[WhiteElo "2011"]
[BlackElo "1919"]
[Annotator "Carvalho,Carlos"]
[PlyCount "162"]
[EventDate "2022.??.??"]

{[%evp 0,102,80,20,53,53,87,66,76,36,44,-7,-5,6,29,20,53,23,50,69,54,36,45,24,
35,-1,-6,-7,21,-43,14,-18,-6,-34,-35,-43,-43,-25,2,-113,-50,-282,-23,-297,-29,
-33,-36,-36,-29,-38,-37,-8,27,-42,21,20,49,53,71,17,67,6,34,11,24,38,206,-34,
-36,-24,-24,-24,-24,-12,8,-12,21,6,-5,-24,0,0,0,0,87,-50,-41,-38,141,-50,-36,
-29,-29,-34,-29,-25,-25,-25,-43,-44,-44,-44,-44,-44,-44]} 1. e4 {[%eval 36,0]}
e5 {[%eval 32,0]} 2. Nf3 {[%eval 29,0]} d6 {[%eval 64,0]} 3. Bc4 {[%eval 39,0]}
Be7 {[%eval 39,0]} 4. O-O {[%eval 32,0]} Nf6 {[%eval 24,0]} 5. Re1 {[%eval 26,
0]} O-O {[%eval 28,0]} 6. d3 {[%eval 39,0]} c5 {[%eval 29,0]} 7. a4 {[%eval 48,
0]} Kh8 {[%eval 48,0]} 8. c3 {[%eval 6,0]} Bg4 {[%eval 87,0]} 9. h3 {[%eval 77,
0]} Bh5 {[%eval 83,0]} 10. g4 {[%eval 44,0]} Bg6 {[%eval 58,0]} 11. Nh4 {
[%eval 32,0]} Nc6 {[%eval 57,0]} 12. Nf5 {[%eval 6,0]} Bxf5 {[%eval 6,0]} 13.
gxf5 {[%eval 2,0]} d5 $6 {[%eval 62,0] Inaccuracy. g6 was best.} (13... g6 14.
Bh6) 14. Bb3 $6 {[%eval 27,0] Inaccuracy. exd5 was best.} (14. exd5) 14... d4
$6 {[%eval 38,0] Inaccuracy. Qd7 was best.} (14... Qd7 15. Nd2 g6 16. Qf3 Rad8
17. exd5 Nxd5 18. Nc4 Bf6 19. fxg6 fxg6 20. Qg4 Qc7 21. Bd2) 15. Bg5 $2 {
[%eval -75,0] Mistake. Kh1 was best.} (15. Kh1 g6 16. Bh6 Nh5 17. Rg1 Nf4 18.
Nd2 Bf6 19. Nf3 Bg7 20. Bxf4 exf4 21. Bd5 dxc3) 15... Ng8 $6 {[%eval 54,0]
Inaccuracy. g6 was best.} (15... g6 16. Qf3 gxf5 17. Kh1 fxe4 18. dxe4 Rg8 19.
Rg1 Nd7 20. Bd2 Rxg1+ 21. Kxg1 Bg5 22. Qxf7) 16. Bxe7 $6 {[%eval -63,0]
Inaccuracy. Bd2 was best.} (16. Bd2 Bg5) 16... Qxe7 {[%eval -75,0]} 17. Qf3 {
[%eval -82,0]} Rad8 {[%eval -83,0]} 18. Bd5 {[%eval -81,0]} Nf6 {[%eval -94,0]}
19. c4 $4 {[%eval -294,0] Blunder. Bxc6 was best.} (19. Bxc6 bxc6) 19... Na5 $4
{[%eval -85,0] Blunder. Nb4 was best.} (19... Nb4) 20. Nd2 $4 {[%eval -278,0]
Blunder. Kh2 was best.} (20. Kh2 Rd6 21. Nd2 g6 22. Rg1 Rb6 23. Rab1 Rg8 24. b3
Nh5 25. Rg4 Rg7 26. h4 Nc6) 20... h6 $4 {[%eval 52,0] Blunder. Nxd5 was best.}
(20... Nxd5 21. exd5 Qg5+ 22. Kh1 Qxd2 23. Rxe5 Qg5 24. Rae1 a6 25. Re7 Qf6 26.
Qf4 h6 27. Rc7) 21. Ra3 $4 {[%eval -399,0] Blunder. Kh1 was best.} (21. Kh1 Rd6
) 21... Nh7 $4 {[%eval 0,0] Blunder. Nxd5 was best.} (21... Nxd5 22. exd5) 22.
Nb3 $6 {[%eval 71,0] Inaccuracy. Qg3 was best.} (22. Qg3 Nf6 23. Nf3 Rfe8 24.
Qh4 Rd6 25. Kh1 Nd7 26. Qg3 Nf6 27. Qh4) 22... Nxb3 $6 {[%eval 0,0] Inaccuracy.
Nc6 was best.} (22... Nc6 23. Bxc6 bxc6 24. Kf1 Rb8 25. Rb1 g6 26. Nd2 Ng5 27.
Qh1 Rg8 28. Ke2 Rbe8 29. h4) 23. Rxb3 {[%eval 0,0]} b6 {[%eval 0,0]} 24. Kh2 {
[%eval 0,0]} Qh4 $6 {[%eval 81,0] Inaccuracy. Rb8 was best.} (24... Rb8 25. Rg1
Nf6 26. Ra3 Kh7 27. Qg3 Rg8 28. Qf3) 25. Qg3 $6 {[%eval 9,0] Inaccuracy. a5
was best.} (25. a5 bxa5 26. Qg3 Qxg3+ 27. Kxg3 Nf6 28. Ra1 Nh5+ 29. Kg4 Nf4 30.
Rxa5 Rb8 31. Rab5 h5+) 25... Qf6 $6 {[%eval 108,0] Inaccuracy. Qxg3+ was best.}
(25... Qxg3+) 26. f4 {[%eval 59,0]} exf4 {[%eval 92,0]} 27. Qxf4 {[%eval 65,0]}
Qg5 $4 {[%eval 275,0] Blunder. g5 was best.} (27... g5 28. Qg3 h5 29. Rb5 Rg8
30. a5 Nf8 31. axb6 axb6 32. Qf3 Qe5+ 33. Kh1 g4 34. Qf2) 28. Qxg5 {[%eval 299,
0]} Nxg5 {[%eval 308,0]} 29. Rf1 $6 {[%eval 185,0] Inaccuracy. Kg3 was best.} (
29. Kg3) 29... f6 {[%eval 236,0]} 30. Rb5 {[%eval 209,0]} Rb8 {[%eval 217,0]}
31. Rf2 $2 {[%eval 9,0] Mistake. a5 was best.} (31. a5) 31... a6 {[%eval 82,0]}
32. Rb3 {[%eval 8,0]} Nf7 $4 {[%eval 426,0] Blunder. a5 was best.} (32... a5
33. Kg3 Nf7 34. Bxf7 Rxf7 35. Kf4 Rbb7 36. Re2 Kg8 37. e5 fxe5+ 38. Rxe5 g6 39.
Re6) 33. Ra3 $4 {[%eval 0,0] Blunder. a5 was best.} (33. a5 Ne5 34. axb6 a5 35.
b7 a4 36. Rb5 Nxd3 37. Rf1 g5 38. fxg6 Kg7 39. e5 Nxe5) 33... Ne5 {[%eval 12,0]
} 34. Rg2 {[%eval 0,0]} Rfd8 {[%eval 0,0]} 35. Be6 {[%eval 0,0]} Nc6 {[%eval 0,
0]} 36. Ra1 {[%eval 7,0]} Nb4 {[%eval 35,0]} 37. Rd2 {[%eval 8,0]} a5 $6 {
[%eval 55,0] Inaccuracy. Nc6 was best.} (37... Nc6) 38. b3 $6 {[%eval 0,0]
Inaccuracy. Bd5 was best.} (38. Bd5) 38... Nc6 {[%eval 0,0]} 39. Bf7 {[%eval 0,
0]} Ne5 {[%eval 0,0]} 40. Bh5 {[%eval 0,0]} Kh7 {[%eval 0,0]} 41. Rg1 {[%eval
0,0]} g5 {[%eval 23,0]} 42. Kg2 $6 {[%eval 47,0] Inaccuracy. fxg6+ was best.} (
42. fxg6+ Kg7) 42... Rg8 {[%eval 65,0]} 43. Kf2 {[%eval 84,0]} Rbe8 $6 {
[%eval 0,0] Inaccuracy. Kg7 was best.} (43... Kg7) 44. Bg4 $6 {[%eval 94,0]
Inaccuracy. Bxe8 was best.} (44. Bxe8 Rxe8 45. h4 g4 46. h5 Rg8 47. Rdd1 Rg5
48. Rh1 Kg7 49. Kg2 Kf7 50. Rh2 Rg8) 44... Re7 {[%eval 5,0]} 45. Rdd1 {[%eval
68,0]} Kg7 {[%eval 62,0]} 46. Ke2 {[%eval -85,0]} Rh8 $6 {[%eval 12,0]
Inaccuracy. h5 was best.} (46... h5) 47. Bh5 {[%eval 23,0]} Kf8 {[%eval 62,0]}
48. Rh1 {[%eval 33,0]} Rg7 {[%eval 72,0]} 49. Rdg1 {[%eval 44,0]} Ke7 {[%eval
11,0]} 50. Rg3 {[%eval 58,0]} Kd6 {[%eval 7,0]} 51. Rhg1 {[%eval 34,0]} Nc6 {
[%eval 39,0]} 52. Kd2 {[%eval 53,0]} Ke5 {[%eval 29,0]} 53. h4 {[%eval 57,0]}
Nb4 {[%eval 22,0]} 54. Rh1 {[%eval 52,0]} Na2 {[%eval 24,0]} 55. Bg6 {[%eval
52,0]} Kf4 {[%eval 0,0]} 56. Rhg1 {[%eval 35,0]} Nc3 {[%eval 0,0]} 57. Rg4+ {
[%eval 1,0]} Ke5 {[%eval 5,0]} 58. Rh1 {[%eval 39,0]} Rd8 {[%eval 58,0]} 59.
hxg5 {[%eval 86,0]} hxg5 {[%eval 38,0]} 60. Rg3 {[%eval 54,0]} Kf4 {[%eval 8,0]
} 61. Rgh3 {[%eval 16,0]} g4 {[%eval 0,0]} 62. Rf1+ {[%eval 33,0]} Ke5 {
[%eval 0,0]} 63. Rh4 {[%eval 26,0]} g3 {[%eval 0,0]} 64. Rg1 {[%eval 0,0]} Rdd7
{[%eval 0,0]} 65. Rxg3 {[%eval 0,0]} Nb1+ $2 {[%eval 104,0] Mistake. Rd8 was
best.} (65... Rd8 66. Rgh3 Na2 67. Rh8 Rdg8 68. Ke1 Nb4 69. Ke2 Nc6 70. Be8 Nb4
) 66. Kc2 {[%eval 107,0]} Nc3 {[%eval 164,0]} 67. Rgh3 $2 {[%eval 0,0] Mistake.
Rh8 was best.} (67. Rh8 Ne2 68. Rg4 Nc3 69. Kd2 Na2 70. Rgh4 Rde7 71. Rh1 Rc7
72. Rf8 Rcd7 73. Ke2 Rc7) 67... Ne2 $6 {[%eval 106,0] Inaccuracy. Rg8 was best.
} (67... Rg8 68. Rh8 Rdg7 69. Kd2 Na2 70. Rh2 Nb4 71. Ke2 Nc6 72. R8h6 Kf4 73.
Kf2 Nb4 74. Ke2) 68. Rf3 $6 {[%eval 0,0] Inaccuracy. Rh8 was best.} (68. Rh8
Nf4) 68... Nc3 $4 {[%eval 108,0] Blunder. Rd8 was best.} (68... Rd8 69. Rf2 Nc3
70. Kc1 Rb8 71. Rfh2 Rbg8 72. Rh6 Rb8) 69. Kd2 $4 {[%eval 0,0] Blunder. Rh8
was best.} (69. Rh8 Na2) 69... Rc7 $2 {[%eval 159,0] Mistake. Rg8 was best.} (
69... Rg8 70. Rfh3 Na2 71. Rh2 Nb4 72. Ke2 Rdg7 73. Rh8 Nc6 74. R8h6 Nb4) 70.
Rh8 {[%eval 177,0]} Nb1+ {[%eval 209,0]} 71. Ke1 {[%eval 181,0]} Na3 $4 {
[%eval 505,0] Blunder. Rce7 was best.} (71... Rce7 72. Rg3 Nc3 73. Rg1 Na2 74.
Ke2 Rd7 75. Ra1 Nb4 76. Rah1 Na2 77. Rc8 Rc7 78. Rf8) 72. Re8+ $4 {[%eval 152,
0] Blunder. Rf2 was best.} (72. Rf2) 72... Rge7 {[%eval 148,0]} 73. Rf8 {
[%eval 177,0]} Nc2+ {[%eval 167,0]} 74. Kd2 {[%eval 106,0]} Ne3 {[%eval 171,0]}
75. Rh3 {[%eval 113,0]} Kf4 $4 {[%eval 427,0] Blunder. Rg7 was best.} (75...
Rg7 76. Rh4 Rb7 77. Rhh8 Rge7 78. Rd8 Rbd7 79. Rc8 Kf4 80. Rcf8 Ng4 81. Rh3 Rg7
82. Bh5) 76. Rxf6 {[%eval 401,0]} Nf1+ $2 {[%eval 666,0] Mistake. Rc8 was best.
} (76... Rc8 77. Rxb6 Rg7 78. Ke2 Ng4 79. Rf3+ Kg5 80. Rg3 Kf4 81. Rh3 Ne5 82.
Rh1 Rf8 83. Rb5) 77. Ke1 $6 {[%eval 499,0] Inaccuracy. Ke2 was best.} (77. Ke2
Kg4 78. Rf3 Nd2 79. Bh5+ Kxh5 80. Kxd2 Rg7 81. Rf2 Rg8 82. Rxb6 Kh4 83. Rh6+
Kg3) 77... Ne3 {[%eval 493,0]} 78. Rxb6 {[%eval 507,0]} Rb7 {[%eval 572,0]} 79.
Rb5 {[%eval 535,0]} Ng2+ $6 {[%eval 748,0] Inaccuracy. Ng4 was best.} (79...
Ng4 80. Ke2 Nf6 81. Rf3+ Kg4 82. Rf1 Kg3 83. Rb1 Kg4 84. Rxc5 Rb8 85. e5 Rh8
86. Rg1+) 80. Kd2 {[%eval 757,0]} Kg4 {[%eval 766,0]} 81. Rh1 {[%eval 836,0]}
Kg3 {[%eval 952,0] 1-0 White wins.} 1-0